00497nam a2200145 a 450000100100000000500170001000800410002704000250006808200160009310000270010924501340013626000350027030000280030583400180033300002219220200930011625.0100917s1960 sp a 000 |bspa d aDO-SdBNPbspacBNPHU axxxbO69Ó1 aOrizondo Meneses, Hugo10aManuel Orizondo Caraballé :bmédico y político cubano :una vida al servicio del pueblo espiritual /cHugo Orizondo Meneses. aMadrid :bEspasa-Calpe,c1960. a107 p. :bil. ;c21 cm. aAustral;v372